| 000 | 01139nam a2200289 i 4500 | ||
|---|---|---|---|
| 001 | 71106 | ||
| 003 | Mx-PuUPA | ||
| 005 | 20240619130200.0 | ||
| 008 | 240619s2020 scua|||fr|||| 00| 0 eng d | ||
| 020 | _a9781642251494 | ||
| 040 |
_aMx-PuUPA _bspa _cMx-PuUPA _dMx-PuUPA _erda |
||
| 041 | 0 | _aeng | |
| 100 | 1 |
_aO'Hara, Brian J., _d1945- _915797 _eautor |
|
| 245 | 1 | 0 |
_aIt's not the score, It's the trip : _bone man's journey to building a global franchise / _cBrian O'Hara |
| 264 | 1 |
_aCharleston, South Carolina : _bAdvantage, _c©2020 |
|
| 300 |
_axiv, 160 páginas, 35 páginas (sin paginación): _bilustraciones (en color) ; _c24 cm |
||
| 336 |
_2rdacontent _atexto _btxt |
||
| 337 |
_2rdamedia _asin medio _bn |
||
| 338 |
_2rdacarrier _avolumen _bnc |
||
| 600 | 1 |
_aO'Hara, Brian _xÉxito Biografía |
|
| 650 | 7 |
_2armarc _aEmpresarios _zEstados Unidos _vBiografía |
|
| 650 | 7 |
_2armarc _aGente de negocios _vBiografía _zEstados Unidos |
|
| 942 |
_2ddc _cLI _h338.04092 _iO36 |
||
| 999 |
_c71106 _d71106 |
||